000 00588nam a2200205 a 4500
001 18997
003 CO-ViMGA
008 141112s2004 ck r 000 u spa d
020 _a9589393691
040 _aCO-ViMGA
_bspa
_cCO-ViMGA
082 0 4 _a720.97281 W437c
100 1 _aNiesiolowska, Katia
_927193
245 1 0 _aCasa Guatemalteca
260 _aBogotá :
_bVillegas editores; 1999
300 _a247 p.
590 _aForma de adquisición : Proyecto 2005 - - Precio :
_134.100
650 1 4 _aARQUITECTURA GUATEMALTECA
_927194
650 1 4 _aDECORACION DE INTERIORES
942 _2ddc
_cBK
999 _c28187
_d28187